Παιδαγωγική και περιβάλλον : ανακάλυψη, κατανόηση και καλλιτεχνική παραγωγή ; για παιδιά 5-7 ετών
Αποθηκεύτηκε σε:
| Κύριος συγγραφέας: | |
|---|---|
| Άλλοι συγγραφείς: | , |
| Μορφή: | Βιβλίο |
| Γλώσσα: | Greek French |
| Δημοσίευση: |
Αθήνα :
Τυπωθήτω,
1998.
|
| Θέματα: | |
| Ετικέτες: |
Προσθήκη ετικέτας
Δεν υπάρχουν, Καταχωρήστε ετικέτα πρώτοι!
|
MARC
| LEADER | 00000cam a2200000 i 4500 | ||
|---|---|---|---|
| 001 | 1/19054 | ||
| 008 | 010328s1998 gr | ||| |||| ||gre|| | ||
| 020 | |a 9607643585 | ||
| 035 | |l 10066713 | ||
| 040 | |a GR-MY-UA |b gre |e aacr | ||
| 041 | 1 | |a gre |h fre | |
| 082 | 7 | |a 372.357 |2 (22) | |
| 100 | 1 | |a Chauvel, Denise. | |
| 245 | 1 | 0 | |a Παιδαγωγική και περιβάλλον : |b ανακάλυψη, κατανόηση και καλλιτεχνική παραγωγή ; για παιδιά 5-7 ετών / |c Denise & Pascal Chauvel ; μετάφραση: Δέσποινα Παπαδοπούλου. |
| 260 | |a Αθήνα : |b Τυπωθήτω, |c 1998. | ||
| 300 | |a 161 σ. : |b εικ. ; |c 24 εκ. | ||
| 500 | |a Μετάφραση του: Pedagogie et environnement. | ||
| 650 | 0 | 0 | |a Environmental education |x Activity programs. |
| 650 | 0 | 0 | |a Environmental education |x Study and teaching (Elementary) |
| 700 | 1 | |a Παπαδοπούλου, Δέσποινα, |e trlf | |
| 700 | 1 | |a Chauvel, Pascal. | |
| 852 | |a INST |b RHODES |e 20010328 |h 372.357 CHA |p 005400017065 |q 005400017065 |t BK |y 0 | ||
| 901 | |a BIBL4-2001-1 | ||
| 909 | |a Ρ |b 081134 | ||
| 922 | |a 4ΕΛΗ |b 200010 |c ΚΠΣ/ΔΕ | ||
| 970 | |a ΚΟΥΛΑΚΙΟΤΗ |b ΛΙΤΣΑ |z 2001/03/28 | ||